00675nam a2200241 a 4500001001300000003000900013005001700022008004100039020001000080082001300090100001600103245006600119260002800185300000900213500003500222505001900257650001800276700001600294902000800310942000700318952009300325999001500418nice12345678IN_TiNIC20260116011822.0050524s1932 egya grp 000 0 ara  ac10000a244bMAS aMason, Dora aMisbahul Anwar Fi Lalim-Il Saghar, Bible Stories for Children aEgyptbNile Pressc1932 a131p aincludes index and biblioraphy2 aReserve copies aBible Stories1 aMason, Dora bRBA cBK 00104070aHMIbHMId2007-07-05g100.00l0o244 MASp5123r2007-07-05w2026-01-16yARB c4184d4184